Statistics for Click Hero

Click here to take the quiz!

General Stats

  • This quiz has been taken 168 times
  • The average score is 79 of 100

Answer Stats

HintAnswer% Correct
1Click
100%
7Click
100%
10Click
100%
9Click
100%
8Click
100%
2Click
100%
6Click
100%
5Click
100%
4Click
100%
3Click
100%
24Click
99%
34Click
99%
33Click
99%
32Click
99%
31Click
99%
30Click
99%
29Click
99%
28Click
99%
27Click
99%
26Click
99%
35Click
99%
25Click
99%
23Click
99%
22Click
99%
21Click
99%
20Click
99%
19Click
99%
18Click
99%
17Click
99%
16Click
99%
15Click
99%
14Click
99%
13Click
99%
12Click
99%
11Click
99%
36Click
98%
37Click
98%
38Click
96%
39Click
93%
40Click
93%
41Click
93%
42Click
93%
43Click
93%
44Click
93%
45Click
91%
46Click
90%
47Click
89%
53Click
88%
52Click
88%
51Click
88%
50Click
88%
49Click
88%
48Click
88%
54Click
85%
55Click
85%
56Click
85%
57Click
84%
58Click
83%
59Click
83%
60Click
83%
61Click
81%
62Click
80%
63Click
79%
64Click
78%
65Click
76%
66Click
75%
67Click
75%
68Click
75%
69Click
74%
70Click
71%
71Click
71%
72Click
70%
73Click
69%
74Click
66%
75Click
66%
76Click
63%
77Click
63%
78Click
61%
79Click
59%
80Click
56%
81Click
56%
82Click
55%
83Click
53%
84Click
50%
85Click
48%
86Click
45%
87Click
43%
88Click
40%
89Click
39%
90Click
38%
91Click
36%
92Click
36%
93Click
35%
94Click
34%
95Click
30%
96Click
29%
97Click
28%
98Click
28%
99Click
28%
100Click
28%

Score Distribution

Percentile by Number Answered

Percent of People with Each Score

Your Score History

You have not taken this quiz